000 00304nam a22001097a 4500
082 _a321.8 FRI'C
100 _aFRIEDRICH, CARL J
_960509
245 _aCONSTITUTIONAL GOVERNMENT AND DEMOCRACY THEORY AND PRACTICE IN EUROPE AND AMERICA
260 _aBOSTON
_bGINN & CO
_c1946
300 _a695P
942 _cBK
999 _c570214
_d570214